000 00286nam a2200133Ia 4500
100 _aAbbey S.
942 _cBK
654 _aAutomobile engg.
245 _aPractical Automobile engg.
260 _bAsia publishing house
_c2001
082 _a629.2
300 _a160
546 _aENGLISH
999 _c27587
_d27587